000 00577nam a22002177a 4500
003 OSt
005 20210423055512.0
008 210223s1971 ||||| |||| 00| 0 eng d
020 _a671773011
040 _aeng
_beng
_cDLC
041 _aeng
080 _a821.111
_bL-36
100 _aLathen.Emma
_9504
245 _aMurder to Go
_c/ by: Pocket Books
260 _aNew York
_bPocket Books
_c1971
300 _a197 p.
_bill.
365 _b0.95 usd
650 0 _9254
_aEnglish literature
653 _aინგლისური ლიტერატურა
942 _2udc
_cBK
999 _c1663
_d1663